00458pab a2200157 454500008004000000100001500040245010500055260000900160300001500169362000800184650001800192650002100210650002100231700001900252773002900271180718b2010 xxu||||| |||| 00| 0 eng d aBel, Germa aPartial privatisation in local services delivery: An empirical analysis of the choice of mixed firms c2010 ap.129-149. aFeb aPrivatization aLocal government aPublic utilities aFagedam Xavier aLocal Government Studies